000 01143nam a2200241 4500
008 110505s2009 ch 000 0 chi
020 _a7100063043
020 _a9787100063043 :HK20.00/Php132.96
090 _aJC153
_bL79
_b2009
_bv. II
100 1 _a洛克著 Locke, John,
_d1632-1704
245 1 0 _a政府论. 下篇 Zheng fu lun. shang pian
246 1 0 _aThe second treatise of government /
_c(英)洛克(John Locke)著 ;瞿菊农,叶启芳译. Luo ke; Qu ju nong.; Ye qi fang
260 _a商務印書館 Commercial Press, Beijing :
_bShang wu yin shu guan,
_c2009.
300 _a2, 157 p. :ill.,
_c21 cm.
490 1 _a漢譯世界學術名著叢書 Han yi shi jie xue zhu ming zhu cong shu =
_b[Collection of world-renown academic classical works in Chinese].
500 _aTranslation of: The second treatise of government.
650 4 _aPolitical science {ch}.
650 4 _a政治、法律、社會學 {ch}
700 1 _a叶启芳 Ye, Qifang
700 1 _a瞿菊农 Qu, Junong, 1899-
700 1 _a瞿菊农,叶启芳 译.
951 _pC-10469
_x00040368
_oREF-CHJC153/L79/2009/v. II
_j110505151822131
_d2000-12-21
_cRef-CH
999 _c35615
_d35615